000 005580000a22001810004500
001 768714001
003 CO-MdFUSB
005 20161123153121.0
008 161123s1997 sp ||||| |||| 00| 0 spa d
022 _a0014-1437
040 _aCO-MdFUSB
_bspa
_cCO-MdFUSB
_dCO-MdFUSB
041 _aspa
100 1 _aSánchez Navarro, Luis
_eautor
245 1 0 _aAcerca de "orao" en Jn
300 _aVolumen 55. Número 2 (1997), Páginas 263-266
773 0 _tEstudios Bíblicos
_049452
_960477
_gVolumen 55. Número 2 (1997), Páginas 263-266
_qPágina 263
942 _cANA
999 _c50179
_d50179